| 000 | 01360nam0a2200397 4500 | ||
|---|---|---|---|
| 001 | RU\NLR\BIBL_A\012179671 | ||
| 005 | 20200204093924.0 | ||
| 010 |
_a978-5-9973-5293-6 _9500 |
||
| 021 |
_aRU _bКН-П-19-094010 _9КН-П-19-6890 |
||
| 035 | _a(NLR Aleph) 012179671 | ||
| 035 | _a(RuMoRGB)010188966 | ||
| 090 |
_a12275379 _c12275379 |
||
| 100 | _a20200115d2019 k y0rusy50 ca | ||
| 101 | 0 | _arus | |
| 102 | _aRU | ||
| 105 | _aa|||z|||001zy | ||
| 181 | 0 |
_ai _baxxe |
|
| 182 | 0 | _an | |
| 200 | 1 |
_aМетодология науки и техники _fВ.М. Дорохин |
|
| 203 |
_aТекст _bвизуальный _cнепосредственный |
||
| 210 |
_aМосква _cСпутник+ _d2019 |
||
| 215 |
_a703 с. _cил. _d22 |
||
| 320 | _aБиблиогр.: с. 685-700 (219 назв.) | ||
| 320 | _aПредм. указ.: с. 675-678 | ||
| 320 | _aУказ. имен: с. 679-684 | ||
| 606 | 1 |
_aНаука _xМетодология _91677197 _3RU\NLR\AUTH\66744350 |
|
| 606 | 1 |
_aТехника _xМетодология _91814813 _3RU\NLR\AUTH\661111899 |
|
| 686 | 1 | _aЮ25 | |
| 686 | 1 | _aЧ21в | |
| 686 | 1 | _aЖ.в | |
| 700 | 1 |
_aДорохин _bВ. М. _gВладимир Михайлович |
|
| 942 | _cBOOK | ||
| 980 | _aNBR | ||
| 980 | _aNB | ||